Fr. Conceicao Rodrigues College of Engineering

Electronic Communication Systems (Record no. 26966)

MARC details
000 -LEADER
fixed length control field 00388nam a2200169Ia 4500
082 ## - DEWEY DECIMAL CLASSIFICATION NUMBER
Classification number 621.3804
Item number KEN
100 ## - MAIN ENTRY--PERSONAL NAME
Personal name Kennedy/George/ Davis/B
250 ## - EDITION STATEMENT
Edition statement 5
245 ## - TITLE STATEMENT
Title Electronic Communication Systems
260 ## - PUBLICATION, DISTRIBUTION, ETC.
Name of publisher, distributor, etc. Tata Mc Graw hill Ltd.
Date of publication, distribution, etc. 2011
366 ## - TRADE AVAILABILITY INFORMATION
Publishers's discount category 23
300 ## - PHYSICAL DESCRIPTION
Extent 629
546 ## - LANGUAGE NOTE
Language note ENGLISH
-- PAMPHALETS
650 ## - SUBJECT ADDED ENTRY--TOPICAL TERM
Topical term or geographic name entry element Communication systems
942 ## - ADDED ENTRY ELEMENTS (KOHA)
Koha item type BOOK
Holdings
Withdrawn status Lost status Damaged status Not for loan Collection Home library Current library Date acquired Source of acquisition Cost, normal purchase price Inventory number Total Checkouts Full call number Barcode Date last seen Cost, replacement price Price effective from Koha item type Date last checked out
        CRC Fr. Agnel's C.Rodrigues College of Engineering AGNEL TECHNICAL COLLEGE LIBRARY 17/03/2023 Book Base 384.23 12317 dt 22/06/2013 2 621.3804 KEN 22755 22/11/2024 499.00   BOOK 18/11/2024
        CRC Fr. Agnel's C.Rodrigues College of Engineering Fr. Agnel's C.Rodrigues College of Engineering 17/03/2023 Book Base 384.23 12317 dt 22/06/2013   621.3804 KEN 22753 17/03/2023 499.00   BOOK  
        CRC Fr. Agnel's C.Rodrigues College of Engineering Fr. Agnel's C.Rodrigues College of Engineering 17/03/2023 Book Base 384.23 12317 dt 22/06/2013 1 621.3804 KEN 22754 08/08/2024 499.00   BOOK 31/07/2024
        CRC Fr. Agnel's C.Rodrigues College of Engineering Fr. Agnel's C.Rodrigues College of Engineering 17/03/2023 Book Base 384.23 12317 dt 22/06/2013   621.3804 KEN 22756 01/08/2024 499.00   BOOK  
        CRC Fr. Agnel's C.Rodrigues College of Engineering Fr. Agnel's C.Rodrigues College of Engineering 17/03/2023 Book Base 384.23 12317 dt 22/06/2013   621.3804 KEN 22757 17/03/2023 499.00   BOOK